Vyznania vlasti Vladimír Clementis a Slovenské národné povstanie

Bibliographic Details
Main Author: Holotíková, Zdenka, 1928- (Author)
Format: Article
Language:Slovak
Subjects:

MARC

LEADER 00000nab a2200000 a 4500
001 vtls000190062
003 SK-MaSNL
005 20260305024647.0
008 160215c1984 xo 0 slo
015 |a SNBRB19rr/mm-uuuuu 
035 |a CL0200175 
040 |a SNKBUCL  |b slo  |c SNKBUCL  |e AACR2 
041 0 |a slo 
044 |a xo  |c SK 
080 |a 329.15(437.6)  |2 1981 
080 |a 929 Clementis, Vladimír  |2 1981 
100 1 |a Holotíková, Zdenka,  |d 1928-  |4 aut  |9 124405 
245 1 0 |a Vyznania vlasti  |b Vladimír Clementis a Slovenské národné povstanie  |c Zdenka Holotíková 
300 |b Obr. 1. 
500 |a (Začiatok). 
600 1 7 |a Clementis, Vladimír,  |d 1902-1952  |2 snkbucl  |9 36924 
655 7 |a články z novín a časopisov  |2 snkbucl  |9 267496 
773 0 |t Nové slovo  |g Roč. 26, č. 36 (1984), s. 24 
850 |a Slovenská národná knižnica v Martine  |a MTA001 
852 |a SNK  |b KIS3GCP 
958 |a BX 
958 |a RK 
992 |a RBX 
999 |c 3304021  |d 3305951